[Event "14. Obert Internacional Pobla de Lillet"]
[Site "La Pobla de Lillet ESP"]
[Date "2004.08.02"]
[Round "1.1"]
[White "Porras Mateo, Felipe"]
[Black "Moskalenko, Viktor"]
[Result "0-1"]
[WhiteElo "2175"]
[BlackElo "2544"]
[PlyCount "33"]
[EventDate "2004.08.02"]
[Source "lmi"]
[SourceDate "2004.08.11"]

1. e4 g6 2. d4 Bg7 3. Nf3 d6 4. Nc3 Nf6 5. Bc4 O-O 6. h3 Nxe4 7. Nxe4 d5 8.
Bxd5 Qxd5 9. Nc3 Qc4 10. Qe2 Qxe2+ 11. Nxe2 Bf5 12. Bg5 Bxc2 13. Rc1 Be4 14.
Rxc7 Nc6 15. Be3 e5 16. Rxb7 Nxd4 17. Bc1 0-1

[Event "14. Obert Internacional Pobla de Lillet"]
[Site "La Pobla de Lillet ESP"]
[Date "2004.08.02"]
[Round "1.2"]
[White "Peralta, Fernando"]
[Black "Colominas Aguade, Josep M"]
[Result "1-0"]
[WhiteElo "2541"]
[BlackElo "2100"]
[PlyCount "89"]
[EventDate "2004.08.02"]
[Source "lmi"]
[SourceDate "2004.08.11"]

1. d4 Nf6 2. c4 g6 3. Nc3 d5 4. cxd5 Nxd5 5. e4 Nxc3 6. bxc3 Bg7 7. Nf3 c5 8.
Rb1 O-O 9. Be2 cxd4 10. cxd4 Qa5+ 11. Bd2 Qxa2 12. O-O b6 13. Qc1 Bg4 14. Bc4
Qa4 15. Bd5 Nd7 16. Bc6 Qa2 17. Bxa8 Rxa8 18. Qc6 Rf8 19. Ra1 Qb3 20. Rxa7 Bxf3
21. gxf3 Nb8 22. Qc3 Qe6 23. Qe3 Qh3 24. d5 e6 25. f4 Qg4+ 26. Qg3 Qe2 27. Qe3
Qg4+ 28. Qg3 Qe2 29. Be3 exd5 30. exd5 Qb5 31. Qf3 Nd7 32. d6 Qf5 33. Rd1 Ne5
34. Qg2 Qh5 35. Rf1 Nf3+ 36. Kh1 Bd4 37. Bxd4 Nxd4 38. d7 Ne6 39. Ra8 Rxa8 40.
Qxa8+ Kg7 41. Qe4 Qh4 42. Qe5+ Kh6 43. f5 gxf5 44. Rg1 Qd8 45. Qe3+ 1-0

[Event "14. Obert Internacional Pobla de Lillet"]
[Site "La Pobla de Lillet ESP"]
[Date "2004.08.02"]
[Round "1.3"]
[White "Hernandez Funes, Ruben"]
[Black "Movsziszian, Karen"]
[Result "0-1"]
[WhiteElo "2085"]
[BlackElo "2528"]
[PlyCount "54"]
[EventDate "2004.08.02"]
[Source "lmi"]
[SourceDate "2004.08.11"]

1. e4 g6 2. d4 Bg7 3. Nc3 d6 4. Bc4 Nf6 5. Nf3 c6 6. Bg5 O-O 7. Qd2 b5 8. Bd3
Bg4 9. Bh6 Bxf3 10. gxf3 e5 11. Ne2 Nbd7 12. O-O-O Qb6 13. Bxg7 Kxg7 14. Qe3 c5
15. dxe5 Nxe5 16. Nf4 Rab8 17. h4 h5 18. Be2 Qa5 19. Kb1 Rb6 20. Qa3 Qxa3 21.
bxa3 Rfb8 22. Ka1 Ra6 23. Nd5 Nxd5 24. Rxd5 Rxa3 25. f4 Nc4 26. Bxc4 bxc4 27.
Rxd6 Rb4 0-1

[Event "14. Obert Internacional Pobla de Lillet"]
[Site "La Pobla de Lillet ESP"]
[Date "2004.08.02"]
[Round "1.4"]
[White "Mirzoev, Azer"]
[Black "Koch, Thomas"]
[Result "1-0"]
[WhiteElo "2513"]
[BlackElo "2080"]
[PlyCount "153"]
[EventDate "2004.08.02"]
[Source "lmi"]
[SourceDate "2004.08.11"]

1. c4 Nf6 2. Nc3 g6 3. d4 Bg7 4. e4 O-O 5. Be3 Nc6 6. d5 Nb4 7. a3 Na6 8. Nf3
d6 9. Be2 Ng4 10. Bd4 e5 11. dxe6 Bxe6 12. O-O Ne5 13. Nxe5 dxe5 14. Be3 c6 15.
b4 Qe7 16. Qc2 f5 17. f3 f4 18. Bf2 h5 19. Rfd1 g5 20. b5 Nc5 21. bxc6 bxc6 22.
Nd5 cxd5 23. cxd5 Nxe4 24. fxe4 Rfc8 25. Qd3 Bg4 26. Bxg4 hxg4 27. d6 Qd7 28.
Rac1 Kf7 29. Qd5+ Kf6 30. Rc7 Rxc7 31. dxc7 Qxd5 32. exd5 Ke7 33. d6+ Kd7 34.
Bc5 a5 35. Kf2 Kc6 36. a4 e4 37. Ba3 Be5 38. Rc1+ Kd7 39. Rc4 e3+ 40. Ke2 Rh8
41. Kd3 Rc8 42. Re4 Bxd6 43. Rd4 Kxc7 44. Bxd6+ Kb6 45. g3 e2 46. Kxe2 Rh8 47.
gxf4 Rxh2+ 48. Ke3 Rh3+ 49. Ke4 gxf4 50. Kxf4 Rf3+ 51. Kxg4 Rf1 52. Kg3 Kc6 53.
Kg2 Rf7 54. Ba3 Rf5 55. Kg3 Rf1 56. Rc4+ Kb6 57. Be7 Kb7 58. Bd8 Rf5 59. Kg4
Rd5 60. Bf6 Rd6 61. Kf5 Rc6 62. Rd4 Rc2 63. Ke6 Rc6+ 64. Ke5 Rc5+ 65. Ke4 Kc6
66. Bd8 Rh5 67. Rc4+ Kb7 68. Bf6 Kb6 69. Bd4+ Kb7 70. Rc1 Rh4+ 71. Kd5 Rh5+ 72.
Kc4 Kc6 73. Rb1 Rf5 74. Rb6+ Kc7 75. Rb5 Rf8 76. Rxa5 Kb7 77. Rh5 1-0

[Event "14. Obert Internacional Pobla de Lillet"]
[Site "La Pobla de Lillet ESP"]
[Date "2004.08.02"]
[Round "1.6"]
[White "Panchenko, Alexandar G"]
[Black "Vinyet, Eduard"]
[Result "1-0"]
[WhiteElo "2401"]
[BlackElo "2045"]
[PlyCount "71"]
[EventDate "2004.08.02"]
[Source "lmi"]
[SourceDate "2004.08.11"]

1. Nf3 d5 2. d4 Nf6 3. c4 e6 4. Nc3 Bb4 5. Bg5 h6 6. Bxf6 Qxf6 7. Qb3 Nc6 8. e3
O-O 9. cxd5 exd5 10. Bb5 Bg4 11. Bxc6 Bxc3+ 12. bxc3 bxc6 13. Ne5 Bf5 14. O-O
Rab8 15. Qa3 Rfe8 16. Kh1 Bh3 17. f3 Qg5 18. gxh3 Qxe3 19. Qc1 Qe2 20. Qd1 Qa6
21. Rf2 f6 22. Nd7 Rbd8 23. Nc5 Qc8 24. Qd3 Rd6 25. f4 Re7 26. f5 Qe8 27. Ne6
Rdxe6 28. fxe6 Rxe6 29. Rg1 g5 30. Rg3 Kg7 31. Kg2 Re4 32. Rgf3 Qg6 33. Qa6 g4
34. Rg3 Re1 35. Rxg4 Qxg4+ 36. hxg4 1-0

[Event "14. Obert Internacional Pobla de Lillet"]
[Site "La Pobla de Lillet ESP"]
[Date "2004.08.03"]
[Round "2.1"]
[White "Moskalenko, Viktor"]
[Black "Flores Vallcorba, Josep"]
[Result "1-0"]
[WhiteElo "2544"]
[BlackElo "2074"]
[PlyCount "51"]
[EventDate "2004.08.02"]
[Source "lmi"]
[SourceDate "2004.08.11"]

1. d4 Nf6 2. c4 e6 3. Nc3 Bb4 4. a3 Bxc3+ 5. bxc3 c5 6. e3 O-O 7. Bd3 Nc6 8.
Ne2 d6 9. e4 h6 10. f4 d5 11. cxd5 exd5 12. e5 Ne4 13. Bxe4 dxe4 14. d5 Ne7 15.
c4 Bg4 16. Be3 b6 17. Qd2 Nf5 18. O-O Bxe2 19. Qxe2 Qh4 20. Bd2 Nd4 21. Qxe4 f5
22. Qd3 Qg4 23. Rae1 Rad8 24. Bc3 Ne6 25. Qe3 Nc7 26. e6 1-0

[Event "14. Obert Internacional Pobla de Lillet"]
[Site "La Pobla de Lillet ESP"]
[Date "2004.08.03"]
[Round "2.2"]
[White "Martorell Aguado, Joan"]
[Black "Peralta, Fernando"]
[Result "0-1"]
[WhiteElo "2072"]
[BlackElo "2541"]
[PlyCount "68"]
[EventDate "2004.08.02"]
[Source "lmi"]
[SourceDate "2004.08.11"]

1. e4 c6 2. d4 d5 3. e5 Bf5 4. Nc3 e6 5. g4 Bg6 6. Nge2 c5 7. h4 h5 8. Nf4 Nc6
9. Nxg6 fxg6 10. Be3 Qb6 11. Bb5 O-O-O 12. dxc5 Bxc5 13. Bxc5 Qxc5 14. Bxc6
Qxc6 15. Qd4 Kb8 16. O-O-O Ne7 17. Rh3 Qa6 18. Qf4 Rhf8 19. Qg5 hxg4 20. Qxg4
Rxf2 21. Ne4 Rf1 22. Rhd3 Rxd1+ 23. Kxd1 Nf5 24. Qxg6 Ne3+ 25. Kc1 Qxa2 26. Nc3
Qa1+ 27. Nb1 Nc4 28. Rb3 Rf8 29. Qg1 a6 30. Qe1 Ka8 31. c3 Rf3 32. Rb4 Ne3 33.
Kd2 Rf1 34. Qxe3 Qxb1 0-1

[Event "14. Obert Internacional Pobla de Lillet"]
[Site "La Pobla de Lillet ESP"]
[Date "2004.08.03"]
[Round "2.3"]
[White "Movsziszian, Karen"]
[Black "Gallart Zafra, Jaume"]
[Result "1-0"]
[WhiteElo "2528"]
[BlackElo "2070"]
[PlyCount "61"]
[EventDate "2004.08.02"]
[Source "lmi"]
[SourceDate "2004.08.11"]

1. Nf3 Nf6 2. g3 d5 3. Bg2 g6 4. O-O Bg7 5. d3 Nbd7 6. c3 O-O 7. b4 Re8 8. Nbd2
c6 9. Nb3 e5 10. Qc2 Qc7 11. e4 Nf8 12. h3 h5 13. a4 b6 14. a5 dxe4 15. dxe4
Be6 16. Re1 Red8 17. c4 N6d7 18. Be3 Nh7 19. Ra3 Bf8 20. Qc3 Rdb8 21. a6 Re8
22. c5 b5 23. Na5 f6 24. Nh4 Bf7 25. f4 Be7 26. f5 g5 27. Ng6 Nhf8 28. Nxe7+
Rxe7 29. Rd1 Nb8 30. Rd6 Kg7 31. Bxg5 1-0

[Event "14. Obert Internacional Pobla de Lillet"]
[Site "La Pobla de Lillet ESP"]
[Date "2004.08.03"]
[Round "2.4"]
[White "Duran Burniol, Joan"]
[Black "Mirzoev, Azer"]
[Result "0-1"]
[WhiteElo "2068"]
[BlackElo "2513"]
[PlyCount "30"]
[EventDate "2004.08.02"]
[Source "lmi"]
[SourceDate "2004.08.11"]

1. e4 c5 2. Nf3 Nc6 3. d4 cxd4 4. Nxd4 e6 5. Be3 Nf6 6. f3 d5 7. exd5 Nxd5 8.
Nxc6 bxc6 9. Bf2 Rb8 10. Qc1 Qa5+ 11. c3 Bc5 12. Qd2 O-O 13. Bd3 Bxf2+ 14. Qxf2
Nf4 15. Bf1 Ba6 0-1

[Event "14. Obert Internacional Pobla de Lillet"]
[Site "La Pobla de Lillet ESP"]
[Date "2004.08.04"]
[Round "3.1"]
[White "Roemhild, Marcus"]
[Black "Moskalenko, Viktor"]
[Result "0-1"]
[WhiteElo "2210"]
[BlackElo "2544"]
[PlyCount "116"]
[EventDate "2004.08.02"]
[Source "lmi"]
[SourceDate "2004.08.11"]

1. e4 g6 2. d4 Bg7 3. Nc3 c6 4. Nf3 d6 5. Be3 Nf6 6. h3 O-O 7. Qd2 b5 8. Bd3
Nbd7 9. Bh6 e5 10. Bxg7 Kxg7 11. dxe5 dxe5 12. O-O Nh5 13. Ne2 Qf6 14. Qc3 a5
15. a3 Re8 16. Nh2 Nb6 17. b3 Nf4 18. Rfd1 h5 19. Nxf4 exf4 20. Qxf6+ Kxf6 21.
Nf3 Be6 22. Nd4 Rac8 23. Bf1 Re7 24. f3 Rd7 25. Ne2 Ke5 26. Rxd7 Nxd7 27. Rd1
g5 28. Kf2 h4 29. Nd4 Nb6 30. Rd2 b4 31. Nxe6 fxe6 32. a4 c5 33. Bc4 Rc7 34.
Ke2 Rb7 35. Bb5 Rb8 36. Rd3 Rh8 37. Kd2 Rc8 38. c4 Rb8 39. Kc2 Ra8 40. Kd2 Rh8
41. Kc2 Rg8 42. Kd2 g4 43. fxg4 Nc8 44. Rd7 Nd6 45. Bc6 Rc8 46. Bb7 Rb8 47. Bc6
Rb6 48. Ba8 Ra6 49. Rd8 Nf7 50. Rf8 Ng5 51. Rc8 Rd6+ 52. Ke2 Kd4 53. e5 Rd7 54.
Bc6 Rg7 55. Rd8+ Kc3 56. Rd3+ Kc2 57. Bf3 Nxf3 58. Rxf3 Rg5 0-1

[Event "14. Obert Internacional Pobla de Lillet"]
[Site "La Pobla de Lillet ESP"]
[Date "2004.08.04"]
[Round "3.2"]
[White "Peralta, Fernando"]
[Black "Bautista Sanchez, Joan"]
[Result "1-0"]
[WhiteElo "2541"]
[BlackElo "2225"]
[PlyCount "39"]
[EventDate "2004.08.02"]
[Source "lmi"]
[SourceDate "2004.08.11"]

1. c4 d5 2. d4 e6 3. Nc3 Nf6 4. Nf3 Be7 5. Bf4 O-O 6. e3 c5 7. dxc5 Bxc5 8.
cxd5 Nxd5 9. Nxd5 Qxd5 10. Qxd5 exd5 11. Bb5 Bd7 12. Bxd7 Nxd7 13. Ke2 Rac8 14.
Rac1 Be7 15. Rhd1 Nb6 16. Rc7 Rxc7 17. Bxc7 Na8 18. Ba5 b6 19. Bc3 Rd8 20. Nd4
1-0

[Event "14. Obert Internacional Pobla de Lillet"]
[Site "La Pobla de Lillet ESP"]
[Date "2004.08.04"]
[Round "3.3"]
[White "Exposito Amaro, Josue"]
[Black "Movsziszian, Karen"]
[Result "0-1"]
[WhiteElo "2161"]
[BlackElo "2528"]
[PlyCount "84"]
[EventDate "2004.08.02"]
[Source "lmi"]
[SourceDate "2004.08.11"]

1. e4 g6 2. d4 Bg7 3. Nc3 d6 4. f4 Nf6 5. Nf3 O-O 6. e5 dxe5 7. fxe5 Nd5 8. Bc4
c6 9. O-O f6 10. Ne4 Kh8 11. c3 a5 12. Qe1 b5 13. Bb3 Bf5 14. Nh4 Bxe4 15. Qxe4
a4 16. Bc2 f5 17. Nxf5 gxf5 18. Rxf5 Rxf5 19. Qxf5 Qg8 20. Bd2 e6 21. Qh5 Nd7
22. Bg6 Rf8 23. Rf1 Bf6 24. Bh6 hxg6 25. Qh3 Qh7 26. Bxf8 Qxh3 27. gxh3 Nxf8
28. exf6 Kg8 29. c4 bxc4 30. Rc1 Nb6 31. b3 axb3 32. axb3 cxb3 33. Rb1 Nd5 34.
Rxb3 Nd7 35. Kf2 N7xf6 36. Ra3 Kg7 37. Ra6 Ne7 38. Kf3 Nfd5 39. Ra8 Nf5 40. Ke4
Kf6 41. Rf8+ Ke7 42. Rg8 Nf6+ 0-1

[Event "14. Obert Internacional Pobla de Lillet"]
[Site "La Pobla de Lillet ESP"]
[Date "2004.08.04"]
[Round "3.4"]
[White "Mirzoev, Azer"]
[Black "Garcia Galeote, Lorenzo"]
[Result "1-0"]
[WhiteElo "2513"]
[BlackElo "2142"]
[PlyCount "101"]
[EventDate "2004.08.02"]
[Source "lmi"]
[SourceDate "2004.08.11"]

1. d4 d5 2. c4 e6 3. Nc3 Nf6 4. Bg5 Be7 5. e3 Nbd7 6. Nf3 O-O 7. Qc2 a6 8. cxd5
exd5 9. Bd3 c6 10. O-O g6 11. Rab1 Re8 12. h3 Nf8 13. b4 Ne6 14. Bh4 Ng7 15.
Na4 Bf5 16. Nc5 Qc8 17. Rfc1 Ne4 18. Bxe7 Rxe7 19. Nh4 Nd6 20. Nxf5 Ngxf5 21.
a4 Rc7 22. Qd1 b5 23. Ra1 Rca7 24. Ra2 Ne7 25. Rca1 Qc7 26. Qf3 a5 27. axb5
Nxb5 28. bxa5 Rxa5 29. Rxa5 Rxa5 30. Rxa5 Qxa5 31. Qf6 Qc7 32. Bxb5 cxb5 33. g4
Nc6 34. Kg2 b4 35. h4 Qc8 36. Kf3 Na5 37. h5 gxh5 38. Qg5+ Kf8 39. Qxh5 Qc6 40.
Qxh7 Qb5 41. Qh8+ Ke7 42. Qe5+ Kf8 43. Qxd5 Kg8 44. Qg5+ Kh8 45. Qh6+ Kg8 46.
Ne4 f5 47. Qe6+ Kh8 48. gxf5 b3 49. Qc8+ Kh7 50. Ng5+ Kh6 51. Qe6+ 1-0

[Event "14. Obert Internacional Pobla de Lillet"]
[Site "La Pobla de Lillet ESP"]
[Date "2004.08.05"]
[Round "4.1"]
[White "Moskalenko, Viktor"]
[Black "Mirzoev, Azer"]
[Result "1/2-1/2"]
[WhiteElo "2544"]
[BlackElo "2513"]
[PlyCount "56"]
[EventDate "2004.08.02"]
[Source "lmi"]
[SourceDate "2004.08.11"]

1. d4 d5 2. c4 e6 3. Nc3 Be7 4. cxd5 exd5 5. Bf4 c6 6. Qc2 Nf6 7. e3 Bg4 8. Bd3
Bh5 9. Nge2 Bg6 10. Ng3 Bxd3 11. Qxd3 O-O 12. O-O Bd6 13. Bxd6 Qxd6 14. f3 Nbd7
15. Rad1 Rad8 16. e4 dxe4 17. fxe4 Qe6 18. Qf3 Ne8 19. Kh1 Nb6 20. e5 f6 21.
Nce4 Nd7 22. Nf5 g6 23. Qg3 Kh8 24. Nh4 Ng7 25. exf6 Qxe4 26. fxg7+ Kxg7 27.
Nf3 Qf4 28. Qe1 Rde8 1/2-1/2

[Event "14. Obert Internacional Pobla de Lillet"]
[Site "La Pobla de Lillet ESP"]
[Date "2004.08.05"]
[Round "4.2"]
[White "Iglesias, Jorge"]
[Black "Peralta, Fernando"]
[Result "0-1"]
[WhiteElo "2380"]
[BlackElo "2541"]
[PlyCount "60"]
[EventDate "2004.08.02"]
[Source "lmi"]
[SourceDate "2004.08.11"]

1. Nf3 f5 2. d4 e6 3. g3 Nf6 4. Bg2 d5 5. O-O Bd6 6. c4 c6 7. b3 Qe7 8. Bb2 O-O
9. Qc1 b6 10. Ba3 Bb7 11. Bxd6 Qxd6 12. Qa3 c5 13. Ne5 Ne4 14. Rd1 Qc7 15. Qb2
dxc4 16. Nxc4 f4 17. f3 Nf6 18. gxf4 Nd5 19. Nba3 Nxf4 20. Bf1 Qe7 21. dxc5 Nd7
22. Qc3 Nxc5 23. Qe3 Nd5 24. Qd2 e5 25. Ne3 Nf4 26. b4 Nce6 27. Qe1 Qg5+ 28.
Kh1 Nxe2 29. Bxe2 Rxf3 30. Nd5 Rxa3 0-1

[Event "14. Obert Internacional Pobla de Lillet"]
[Site "La Pobla de Lillet ESP"]
[Date "2004.08.05"]
[Round "4.3"]
[White "Movsziszian, Karen"]
[Black "Westerinen, Heikki MJ"]
[Result "1-0"]
[WhiteElo "2528"]
[BlackElo "2371"]
[PlyCount "61"]
[EventDate "2004.08.02"]
[Source "lmi"]
[SourceDate "2004.08.11"]

1. Nf3 Nf6 2. g3 c5 3. Bg2 Nc6 4. O-O e5 5. d3 Be7 6. e4 O-O 7. h3 d6 8. c3 h6
9. a4 Be6 10. Na3 Rc8 11. Re1 a6 12. Kh2 Qd7 13. Nc4 Bxc4 14. dxc4 Nh7 15. Be3
Rcd8 16. Rb1 f5 17. exf5 Qxf5 18. b4 Kh8 19. b5 Na5 20. Nd2 Bg5 21. bxa6 bxa6
22. Rb6 Bxe3 23. Rxe3 Qxf2 24. Qe2 Qxe2 25. Rxe2 Rb8 26. Rxa6 Nb3 27. Ne4 Nf6
28. Rxd6 Nxe4 29. Bxe4 Rf6 30. Rxf6 gxf6 31. Rb2 1-0

[Event "14. Obert Internacional Pobla de Lillet"]
[Site "La Pobla de Lillet ESP"]
[Date "2004.08.05"]
[Round "4.4"]
[White "Panchenko, Alexandar G"]
[Black "Peric, Slavisa"]
[Result "1-0"]
[WhiteElo "2401"]
[BlackElo "2259"]
[PlyCount "111"]
[EventDate "2004.08.02"]
[Source "lmi"]
[SourceDate "2004.08.11"]

1. d4 d5 2. c4 c6 3. Nf3 Nf6 4. e3 Bg4 5. cxd5 cxd5 6. Qa4+ Bd7 7. Qb3 Bc6 8.
Bd3 e6 9. Bd2 Nbd7 10. Bb4 Bxb4+ 11. Qxb4 Qe7 12. Qxe7+ Kxe7 13. Nc3 Rhc8 14.
Ke2 Rc7 15. Rhc1 Rac8 16. Rc2 h6 17. Rac1 Kd8 18. Nd2 Nb8 19. f3 b6 20. e4 Bb7
21. e5 Ne8 22. a3 Ba6 23. Bxa6 Nxa6 24. Kd3 Nb8 25. g4 a6 26. f4 Nd7 27. h3 b5
28. b4 Nb6 29. Nb3 Nd7 30. Nc5 Nxc5+ 31. dxc5 Re7 32. Rf2 f6 33. Re1 Nc7 34.
Ne2 Kd7 35. Nd4 Rf8 36. Ref1 g6 37. exf6 Rxf6 38. Nf3 Rg7 39. Ne5+ Kc8 40. Kd4
Kb7 41. c6+ Ka7 42. Kc5 Rf8 43. Nd7 Rc8 44. Ne5 Ne8 45. f5 gxf5 46. gxf5 Nf6
47. fxe6 Ne4+ 48. Kxd5 Nxf2 49. Rxf2 Kb6 50. Nd7+ Kc7 51. Rf7 Rg5+ 52. Ne5+ Kb8
53. e7 Rgg8 54. Kd6 Ka8 55. Nd7 Rg6+ 56. Rf6 1-0

[Event "14. Obert Internacional Pobla de Lillet"]
[Site "La Pobla de Lillet ESP"]
[Date "2004.08.06"]
[Round "5.1"]
[White "Peralta, Fernando"]
[Black "Movsziszian, Karen"]
[Result "0-1"]
[WhiteElo "2541"]
[BlackElo "2528"]
[PlyCount "120"]
[EventDate "2004.08.02"]
[Source "lmi"]
[SourceDate "2004.08.11"]

1. d4 d6 2. Nf3 g6 3. c4 Bg7 4. e4 Nf6 5. Nc3 O-O 6. Be2 c5 7. O-O Nc6 8. d5
Na5 9. Bg5 h6 10. Bd2 e5 11. g3 b6 12. Nh4 Qe7 13. Re1 Bd7 14. b3 Nb7 15. Rb1
Nh7 16. Bg4 Be8 17. Qc2 h5 18. Be2 Ng5 19. Bf1 Bd7 20. Kh1 Nh3 21. Be3 Kh8 22.
Qd2 Bf6 23. Nf3 Kh7 24. Bg2 Rh8 25. Ng1 Nxg1 26. Kxg1 h4 27. h3 hxg3 28. fxg3
Kg8 29. h4 Bg7 30. Rf1 Rf8 31. Rf2 Nd8 32. Rbf1 f6 33. Qe2 Nf7 34. Bf3 f5 35.
exf5 gxf5 36. Bg2 e4 37. Nd1 Bd4 38. Qd2 Qe5 39. Rf4 Qg7 40. Qf2 Be5 41. Bc1
Bxf4 42. Qxf4 Ne5 43. Bb2 Qe7 44. Ba1 Rh7 45. Nf2 b5 46. Nh3 bxc4 47. bxc4 Nxc4
48. Ng5 Rg7 49. Bxg7 Qxg7 50. Kh1 Ne5 51. Bh3 Qh6 52. Ne6 Qxf4 53. Rxf4 e3 54.
Nxf8 e2 55. Nxd7 e1=Q+ 56. Rf1 Qe4+ 57. Bg2 Qd3 58. Nf6+ Kh8 59. Kh2 c4 60. Rf4
c3 0-1

[Event "14. Obert Internacional Pobla de Lillet"]
[Site "La Pobla de Lillet ESP"]
[Date "2004.08.06"]
[Round "5.2"]
[White "Ayza Ballester, Jordi"]
[Black "Moskalenko, Viktor"]
[Result "0-1"]
[WhiteElo "2285"]
[BlackElo "2544"]
[PlyCount "118"]
[EventDate "2004.08.02"]
[Source "lmi"]
[SourceDate "2004.08.11"]

1. e4 e6 2. d4 d5 3. Nc3 Bb4 4. e5 c5 5. Bd2 cxd4 6. Nb5 Bc5 7. Qg4 g6 8. Nxd4
Nc6 9. Bc3 Nh6 10. Qf4 Bxd4 11. Bxd4 Nf5 12. Nf3 g5 13. Nxg5 Ncxd4 14. O-O-O h6
15. Nxf7 Kxf7 16. g4 Nc6 17. h4 Nce7 18. gxf5 exf5 19. Be2 Be6 20. Rhg1 Qc7 21.
Bh5+ Kf8 22. Rd3 Rc8 23. Rc3 Qd7 24. Rcg3 Rc4 25. Qf3 Rg8 26. Rxg8+ Nxg8 27.
Qa3+ Qe7 28. Qxa7 d4 29. Kb1 Rc8 30. Qxd4 Qc5 31. Qd2 Qd5 32. Qb4+ Qc5 33. Qd2
Qd5 34. Qb4+ Ne7 35. b3 Qe4 36. Qd2 f4 37. Re1 Qf5 38. Bf3 Nd5 39. Kb2 Qf7 40.
c4 Ne7 41. Re4 Kg8 42. Rxf4 Nf5 43. Be4 Rf8 44. f3 h5 45. Qg2+ Kh8 46. Qd2 Qg7
47. Qc3 Qg2+ 48. Bc2 Rd8 49. Ka3 Ra8+ 50. Kb4 Qf2 51. a4 Ne3 52. Bb1 Rd8 53.
Rf6 Bxc4 54. Rh6+ Kg8 55. Rg6+ Kf8 56. bxc4 Rc8 57. Qd3 Qe1+ 58. Qc3 Qe2 59.
Bd3 Qf2 0-1

[Event "14. Obert Internacional Pobla de Lillet"]
[Site "La Pobla de Lillet ESP"]
[Date "2004.08.06"]
[Round "5.3"]
[White "Mirzoev, Azer"]
[Black "Panchenko, Alexandar G"]
[Result "1-0"]
[WhiteElo "2513"]
[BlackElo "2401"]
[PlyCount "75"]
[EventDate "2004.08.02"]
[Source "lmi"]
[SourceDate "2004.08.11"]

1. d4 f5 2. Bg5 g6 3. Nc3 d5 4. f3 Bg7 5. Qd2 Nf6 6. Bh6 O-O 7. Nh3 c6 8. Nf2
Qe8 9. Bxg7 Kxg7 10. O-O-O Nbd7 11. e4 fxe4 12. fxe4 Nxe4 13. Nfxe4 dxe4 14.
Nxe4 Nf6 15. Re1 Nxe4 16. Rxe4 Bf5 17. Re5 Qf7 18. b3 Rae8 19. Bc4 Qf6 20. a4
Bc8 21. Rhe1 e6 22. Kb2 Qf4 23. Qc3 Qxh2 24. d5 Kg8 25. dxe6 Re7 26. g4 Qh6 27.
g5 Qg7 28. R1e3 Kh8 29. Rd3 h5 30. gxh6 Qf6 31. Rd1 Kh7 32. Rf1 Qh8 33. Rxf8
Qxf8 34. Re3 Qh8 35. Qxh8+ Kxh8 36. Kc3 c5 37. Rf3 Re8 38. Bb5 1-0

[Event "14. Obert Internacional Pobla de Lillet"]
[Site "La Pobla de Lillet ESP"]
[Date "2004.08.06"]
[Round "5.4"]
[White "Exposito Amaro, Josue"]
[Black "Iglesias, Jorge"]
[Result "1/2-1/2"]
[WhiteElo "2161"]
[BlackElo "2380"]
[PlyCount "42"]
[EventDate "2004.08.02"]
[Source "lmi"]
[SourceDate "2004.08.11"]

1. e4 c6 2. d4 d5 3. Nc3 dxe4 4. Nxe4 Nd7 5. Bd3 Ngf6 6. Ne2 Nxe4 7. Bxe4 Nf6
8. Bf3 Bf5 9. c3 e6 10. a4 Be4 11. Bxe4 Nxe4 12. Qd3 Nf6 13. Qg3 Qd5 14. Nf4
Qf5 15. Qd3 Qxd3 16. Nxd3 Nd7 17. Be3 Bd6 18. Ke2 Ke7 19. Bf4 Rhc8 20. Rhd1
Bxf4 21. Nxf4 e5 1/2-1/2